072_ Personnalités nées un 13 mars par images - Statistiques

Statistiques générales
  • Ce quiz a été pris 49 fois
  • Le résultat moyen est 4 sur 9
Statistiques - réponses
Par images Hint Réponse % Correct
Acteur Pierre Niney
96%
Médecin Didier Raoult
83%
Acteur Pascal Légitimus
70%
Tenniswoman Coco Gauff
54%
Photographe Yann Arthus-Bertrand
41%
Humoriste Jean-Yves Lafesse
24%
Skieuse Mikaela Shiffrin
22%
Footballeur Bruno Conti
0%
Actrice Dana Delany
0%
Aucun quiz correspondant
Distribution des résultats
% des personnes avec chaque résultat
Percentile par nombre de réponses
Votre historique - résultats
Vous n’avez pas pris ce quiz